Vista normal
Vista MARC
Entrada Término temático
Número de registros utilizados en: 1
001 - CONTROL NUMBER
- control field: 35431
003 - CONTROL NUMBER IDENTIFIER
- control field: OSt
005 - DATE AND TIME OF LATEST TRANSACTION
- control field: 20201025085647.0
008 - FIXED-LENGTH DATA ELEMENTS
- fixed length control field: 201025|| aca||aabn | a|a d
040 ## - CATALOGING SOURCE
- Original cataloging agency: OSt
- Transcribing agency: OSt
150 ## - HEADING--TOPICAL TERM
- Topical term or geographic name entry element: SERVICIOS PÚBLICOS
670 ## - SOURCE DATA FOUND
- Source citation: Work cat.: (OSt): Martinez Bautista, Jorge Enrique 35430, Diagnostico para una alternativa institucional en la descentralizacion de los servicios publicos en el municipio de Subachoque, Cundinamarca, 1989.

